000 00347nam a2200145 i 4500
001 bg
100 1 _aBUDZIŃSKI, Franciszek
245 0 _aProces innowacji technicznej /
_cFranciszek Budziński.
260 _aKraków,
_c1981.
040 _cBPK
041 _apol
080 _a62.001
942 _cKS
008 s pl f |000 0 pol
999 _c20529
_d20529
856 _uhttp://koha.tu.koszalin.pl/cgi-bin/koha/opac-detail.pl?biblionumber=20529
_yKatalog online BPK